[Event "Romania GP"]
[Site "Brasov ROM"]
[Date "2023.07.17"]
[Round "2.21"]
[White "Gedajlovic, Max"]
[Black "Craciun, Sasha Matei"]
[Result "1/2-1/2"]
[WhiteElo "2416"]
[BlackElo "1962"]
[PlyCount "103"]
[EventDate "2023.07.17"]
[EventType "swiss"]
[EventRounds "9"]
[EventCountry "ROM"]
[Source "ChessMix"]
[SourceDate "2023.08.01"]

1. d4 d5 2. c4 e6 3. Nc3 Be7 4. Bf4 Nf6 5. e3 O-O 6. a3 Nbd7 7. Nb5 Ne8 8. Nf3
dxc4 9. Bxc4 Nd6 10. Bd3 Nxb5 11. Bxb5 c5 12. O-O cxd4 13. Qxd4 Nf6 14. Rac1
Qxd4 15. Nxd4 Nd5 16. Bg3 Rd8 17. Bc4 a6 18. Rfd1 Bf6 19. Be2 Bd7 20. e4 e5 21.
Nf3 Nf4 22. Bxf4 exf4 23. e5 Be7 24. Rd4 Bc6 25. Rxf4 Rac8 26. Rfc4 Kf8 27. Nd4
Bd7 28. Bf3 Rxc4 29. Rxc4 Rc8 30. Rxc8+ Bxc8 31. Be4 Bc5 32. Nc2 h6 33. g3 b6
34. b4 Be7 35. f4 a5 36. Kf2 Bd7 37. Ke3 Ba4 38. g4 Bxc2 39. Bxc2 axb4 40. a4
Bc5+ 41. Ke4 Ke7 42. h4 Bf2 43. h5 f6 44. Bb3 fxe5 45. Kxe5 Be1 46. Kd5 Kf6 47.
Kc6 Bf2 48. Kb5 Be3 49. Bc4 Ke7 50. Bb3 Kf6 51. Bc4 Ke7 52. Bb3 1/2-1/2

[Event "Romania GP"]
[Site "Brasov ROM"]
[Date "2023.07.17"]
[Round "3.36"]
[White "Dragomirescu, Calin"]
[Black "Gedajlovic, Max"]
[Result "1/2-1/2"]
[WhiteElo "1973"]
[BlackElo "2416"]
[PlyCount "45"]
[EventDate "2023.07.17"]
[EventType "swiss"]
[EventRounds "9"]
[EventCountry "ROM"]
[Source "ChessMix"]
[SourceDate "2023.08.01"]

1. Nf3 d5 2. d4 Nf6 3. c4 e6 4. g3 Bb4+ 5. Bd2 a5 6. Bg2 O-O 7. O-O dxc4 8. Qc2
Bxd2 9. Nbxd2 b5 10. a4 c6 11. b3 cxb3 12. Nxb3 Ba6 13. Nc5 b4 14. Nxa6 Rxa6
15. e3 Nbd7 16. Nd2 Qe7 17. Rfc1 Rc8 18. Qd3 Nb8 19. Nb3 Nd5 20. Bxd5 exd5 21.
Rc5 Qd8 22. Rac1 Ra8 23. Qf5 1/2-1/2

[Event "Romania GP"]
[Site "Brasov ROM"]
[Date "2023.07.18"]
[Round "4.28"]
[White "Gedajlovic, Max"]
[Black "Armenciu, Bogdan Ovidiu"]
[Result "1-0"]
[WhiteElo "2416"]
[BlackElo "1918"]
[PlyCount "51"]
[EventDate "2023.07.17"]
[EventType "swiss"]
[EventRounds "9"]
[EventCountry "ROM"]
[Source "ChessMix"]
[SourceDate "2023.08.01"]

1. d4 d6 2. c4 e5 3. d5 f5 4. e4 Nf6 5. exf5 Bxf5 6. Nc3 Be7 7. Nge2 O-O 8. Ng3
Bg6 9. h4 Qe8 10. h5 Bf7 11. Bd3 c6 12. Be3 b5 13. Qf3 cxd5 14. Nxd5 bxc4 15.
Bxc4 Nc6 16. Nc7 Qd7 17. Bxf7+ Kxf7 18. Nxa8 Rxa8 19. O-O d5 20. Rfd1 Rb8 21.
b3 Qe6 22. Rac1 Nb4 23. Rc7 d4 24. Bg5 Qb6 25. Rdc1 Nxa2 26. R1c6 1-0

[Event "Romania GP"]
[Site "Brasov ROM"]
[Date "2023.07.19"]
[Round "6.24"]
[White "Gedajlovic, Max"]
[Black "Nastore, Pavel Alexandru"]
[Result "1-0"]
[WhiteElo "2416"]
[BlackElo "2219"]
[PlyCount "87"]
[EventDate "2023.07.17"]
[EventType "swiss"]
[EventRounds "9"]
[EventCountry "ROM"]
[Source "ChessMix"]
[SourceDate "2023.08.01"]

1. e4 e5 2. Nf3 Nc6 3. Bc4 Nf6 4. d3 Bc5 5. O-O a6 6. a4 d6 7. h3 h6 8. c3 Ba7
9. Re1 g5 10. Be3 Bxe3 11. fxe3 g4 12. hxg4 Bxg4 13. Nbd2 Qd7 14. Qe2 Be6 15.
Nh4 Rg8 16. Rf1 Ng4 17. b4 h5 18. Nf5 Ne7 19. b5 a5 20. Qf3 O-O-O 21. Ba2 Rg5
22. Nxe7+ Qxe7 23. Bxe6+ fxe6 24. Qh3 Rg7 25. Rf3 b6 26. d4 Rdg8 27. Nc4 Kb7
28. Raf1 exd4 29. exd4 d5 30. Nd2 Qg5 31. Rd1 Qh6 32. exd5 exd5 33. Nf1 Qe6 34.
Qh4 Qe4 35. Ng3 Qc2 36. Rdf1 Qd2 37. Nf5 Ne3 38. Nxe3 Rxg2+ 39. Kh1 Re2 40.
Qxh5 Ka7 41. Qh7 Rc8 42. Rf8 Kb7 43. Rxc8 Kxc8 44. Nxd5 1-0

[Event "Romania GP"]
[Site "Brasov ROM"]
[Date "2023.07.21"]
[Round "8.27"]
[White "Gedajlovic, Max"]
[Black "Girmacea, Bogdan"]
[Result "1-0"]
[WhiteElo "2416"]
[BlackElo "2108"]
[PlyCount "78"]
[EventDate "2023.07.17"]
[EventType "swiss"]
[EventRounds "9"]
[EventCountry "ROM"]
[Source "ChessMix"]
[SourceDate "2023.08.01"]

1. d4 Nf6 2. c4 e6 3. Nc3 Bb4 4. e3 c5 5. Bd3 cxd4 6. exd4 d5 7. cxd5 Nxd5 8.
Nge2 O-O 9. O-O Nf6 10. Bg5 Be7 11. Bc2 Nc6 12. a3 e5 13. dxe5 Nxe5 14. Re1 Bg4
15. Qd4 Nc6 16. Qa4 Bd7 17. Rad1 Qc8 18. Ng3 h6 19. Bxh6 gxh6 20. Qh4 Ng4 21.
Rxe7 Nxe7 22. Qxe7 Re8 23. Qxd7 Qxd7 24. Rxd7 Rad8 25. Rxd8 Rxd8 26. Nf1 Kg7
27. f4 Nf6 28. Kf2 Ne8 29. Ke2 Nc7 30. Ne3 Ne6 31. Nf5+ Kf8 32. g3 Nd4+ 33.
Nxd4 Rxd4 34. Ke3 Rd6 35. Be4 b6 36. g4 Kg7 37. Nd5 Kf8 38. Kd4 a5 39. Kc4 Re6
1-0

[Event "Romania GP"]
[Site "Brasov ROM"]
[Date "2023.07.22"]
[Round "9.17"]
[White "Ciocani, Iosif"]
[Black "Gedajlovic, Max"]
[Result "0-1"]
[WhiteElo "2151"]
[BlackElo "2416"]
[PlyCount "76"]
[EventDate "2023.07.17"]
[EventType "swiss"]
[EventRounds "9"]
[EventCountry "ROM"]
[Source "ChessMix"]
[SourceDate "2023.08.01"]

1. e4 e5 2. Nf3 Nc6 3. Bc4 Nf6 4. d3 d5 5. exd5 Nxd5 6. O-O Be7 7. Re1 f6 8. c3
Bg4 9. Qb3 Nb6 10. Nbd2 Nxc4 11. Qxc4 Qd7 12. d4 exd4 13. Nxd4 Ne5 14. Qb3 c5
15. N4f3 Nd3 16. Re3 O-O-O 17. h3 Bh5 18. Nc4 Rhe8 19. Qa3 Qb5 20. b3 Kb8 21.
Bd2 b6 22. Ne1 Ne5 23. Nxe5 fxe5 24. c4 Qc6 25. Bc3 e4 26. Be5+ Ka8 27. Qb2 Bg5
28. Rg3 Bh6 29. f4 Qd7 30. Nc2 Qd2 31. Qc3 Qxc3 32. Rxc3 g5 33. Bf6 gxf4 34.
Bxd8 Bg7 35. Bg5 Bxc3 36. Rf1 e3 37. Rxf4 e2 38. Bh4 e1=Q+ 0-1

[Event "Ceske Budejovice GM-A"]
[Site "Ceske Budejovice CZE"]
[Date "2023.07.01"]
[Round "1.3"]
[White "Vykouk, Jan"]
[Black "Gedajlovic, Max"]
[Result "1-0"]
[WhiteElo "2467"]
[BlackElo "2416"]
[PlyCount "63"]
[EventDate "2023.07.01"]
[EventType "tourn"]
[EventRounds "9"]
[EventCountry "CZE"]
[EventCategory "9"]
[Source "ChessMix "]
[SourceDate "2023.07.10"]

1. c4 e5 2. d3 Nf6 3. Nf3 Nc6 4. a3 g6 5. b4 Bg7 6. Bb2 d5 7. b5 Na5 8. Qa4 b6
9. Bxe5 O-O 10. cxd5 Re8 11. Nbd2 Qxd5 12. Qd4 Qe6 13. e3 a6 14. Qb2 Bb7 15. d4
Nd5 16. bxa6 Bc6 17. Be2 f6 18. Bg3 Nxe3 19. fxe3 Qxe3 20. Nf1 Qe6 21. Kf2 Bh6
22. Re1 Qd7 23. Kg1 b5 24. h3 Rxa6 25. N1d2 Nb7 26. Kh2 Bf8 27. Bd1 Rea8 28.
Bb3+ Kg7 29. Ne5 fxe5 30. d5 Bxd5 31. Rxe5 Bxa3 32. Re7+ 1-0

[Event "Ceske Budejovice GM-A"]
[Site "Ceske Budejovice CZE"]
[Date "2023.07.02"]
[Round "2.3"]
[White "Gedajlovic, Max"]
[Black "Polak, Tomas"]
[Result "0-1"]
[WhiteElo "2416"]
[BlackElo "2503"]
[PlyCount "68"]
[EventDate "2023.07.01"]
[EventType "tourn"]
[EventRounds "9"]
[EventCountry "CZE"]
[EventCategory "9"]
[Source "ChessMix "]
[SourceDate "2023.07.10"]

1. d4 Nf6 2. c4 c5 3. d5 b5 4. Qc2 bxc4 5. e4 g6 6. Bxc4 d6 7. Nc3 Bg7 8. Nf3
O-O 9. O-O Ba6 10. Nb5 Qb6 11. a4 Bc8 12. h3 Na6 13. Re1 Nb4 14. Qd1 a6 15. Nc3
e6 16. a5 Qb7 17. dxe6 Bxe6 18. Bxe6 fxe6 19. e5 dxe5 20. Qb3 Nfd5 21. Nxe5 Qc7
22. Ng4 h5 23. Ne3 Nf4 24. Qc4 Nbd3 25. Bd2 Ne5 26. Qa2 Nxh3+ 27. gxh3 Nf3+ 28.
Kf1 Nxd2+ 29. Ke2 Nf3 30. Qxe6+ Kh7 31. Kd3 Rad8+ 32. Ncd5 Qf4 33. Rec1 Qd4+
34. Ke2 Qd2+ 0-1

[Event "Ceske Budejovice GM-A"]
[Site "Ceske Budejovice CZE"]
[Date "2023.07.03"]
[Round "3.4"]
[White "Cyborowski, Lukasz"]
[Black "Gedajlovic, Max"]
[Result "1/2-1/2"]
[WhiteElo "2494"]
[BlackElo "2416"]
[PlyCount "33"]
[EventDate "2023.07.01"]
[EventType "tourn"]
[EventRounds "9"]
[EventCountry "CZE"]
[EventCategory "9"]
[Source "ChessMix "]
[SourceDate "2023.07.10"]

1. c4 e5 2. Nc3 Bb4 3. Nd5 a5 4. e3 Nf6 5. Nxf6+ Qxf6 6. Ne2 O-O 7. Ng3 Qg6 8.
a3 Be7 9. d4 d6 10. Bd3 f5 11. O-O Bh4 12. b3 Nc6 13. Bb2 Qh6 14. f4 e4 15. Be2
Ne7 16. d5 Bf6 17. Qd2 1/2-1/2

[Event "Ceske Budejovice GM-A"]
[Site "Ceske Budejovice CZE"]
[Date "2023.07.04"]
[Round "4.2"]
[White "Gedajlovic, Max"]
[Black "Horvath, Dominik"]
[Result "1-0"]
[WhiteElo "2416"]
[BlackElo "2528"]
[PlyCount "73"]
[EventDate "2023.07.01"]
[EventType "tourn"]
[EventRounds "9"]
[EventCountry "CZE"]
[EventCategory "9"]
[Source "ChessMix "]
[SourceDate "2023.07.10"]

1. d4 Nf6 2. c4 e6 3. Nc3 Bb4 4. e3 O-O 5. Bd3 Re8 6. Nge2 d5 7. O-O b6 8. a3
Bd6 9. Ng3 dxc4 10. Bxc4 Bb7 11. f4 c5 12. d5 exd5 13. Nxd5 Be7 14. Nc3 Qxd1
15. Rxd1 Nc6 16. Nf5 Bf8 17. Nd6 Bxd6 18. Rxd6 Ne7 19. Bd2 Nf5 20. Rd3 a6 21.
a4 Nh4 22. Be1 Nxg2 23. Bf2 Re7 24. Rd6 Nxe3 25. Bxe3 Rxe3 26. Rxb6 Re7 27. a5
h5 28. Na4 Rc7 29. Rc1 Rd8 30. Nxc5 Rxc5 31. Rxb7 Rxa5 32. Rxf7 Kh7 33. Ra7 Rd4
34. Bxa6 Kh6 35. Rc8 Rda4 36. Rh8+ Nh7 37. Bd3 1-0

[Event "Ceske Budejovice GM-A"]
[Site "Ceske Budejovice CZE"]
[Date "2023.07.05"]
[Round "5.5"]
[White "Greenfeld, Alon"]
[Black "Gedajlovic, Max"]
[Result "1-0"]
[WhiteElo "2475"]
[BlackElo "2416"]
[PlyCount "81"]
[EventDate "2023.07.01"]
[EventType "tourn"]
[EventRounds "9"]
[EventCountry "CZE"]
[EventCategory "9"]
[Source "ChessMix "]
[SourceDate "2023.07.10"]

1. Nf3 d5 2. d4 Nf6 3. c4 e6 4. Bg5 Be7 5. Nc3 O-O 6. e3 Nbd7 7. Qc2 c6 8. Rd1
Re8 9. Bd3 dxc4 10. Bxc4 Nd5 11. Bxe7 Qxe7 12. O-O Nxc3 13. bxc3 b6 14. Bd3 g6
15. e4 e5 16. Bc4 Kg7 17. Qc1 f6 18. Nh4 f5 19. g3 fxe4 20. d5 Qc5 21. dxc6 Nf6
22. Bb3 h6 23. Qe3 Qxc6 24. f3 g5 25. Ng2 exf3 26. Rxf3 Bg4 27. Rxf6 Qxf6 28.
Rf1 Qg6 29. Rf7+ Kh8 30. Qf2 Rad8 31. h4 Bh5 32. hxg5 hxg5 33. Ne3 Qh6 34. Nf5
Qc6 35. Qh2 Qf3 36. Nd6 Qe2 37. Rf2 Qg4 38. Nxe8 Rxe8 39. Bf7 Qd1+ 40. Rf1 Rd8
41. Bxh5 1-0

[Event "Ceske Budejovice GM-A"]
[Site "Ceske Budejovice CZE"]
[Date "2023.07.06"]
[Round "6.1"]
[White "Kraus, Tomas"]
[Black "Gedajlovic, Max"]
[Result "1/2-1/2"]
[WhiteElo "2484"]
[BlackElo "2416"]
[PlyCount "41"]
[EventDate "2023.07.01"]
[EventType "tourn"]
[EventRounds "9"]
[EventCountry "CZE"]
[EventCategory "9"]
[Source "ChessMix "]
[SourceDate "2023.07.10"]

1. c4 e5 2. a3 g6 3. d4 d6 4. Nc3 Bg7 5. Nf3 Nc6 6. e3 f5 7. b4 e4 8. Nd2 Nf6
9. Bb2 O-O 10. b5 Ne7 11. d5 g5 12. Qc2 c6 13. dxc6 bxc6 14. Be2 Be6 15. O-O
Rc8 16. Rfd1 c5 17. f3 exf3 18. Nxf3 h6 19. Rd2 Qc7 20. Bd3 Rce8 21. Re1
1/2-1/2

[Event "Ceske Budejovice GM-A"]
[Site "Ceske Budejovice CZE"]
[Date "2023.07.07"]
[Round "7.5"]
[White "Gedajlovic, Max"]
[Black "Colbow, Collin"]
[Result "1/2-1/2"]
[WhiteElo "2416"]
[BlackElo "2429"]
[PlyCount "40"]
[EventDate "2023.07.01"]
[EventType "tourn"]
[EventRounds "9"]
[EventCountry "CZE"]
[EventCategory "9"]
[Source "ChessMix "]
[SourceDate "2023.07.10"]

1. d4 Nf6 2. Nf3 e6 3. e3 d5 4. Bd3 c5 5. b3 Nc6 6. Bb2 b6 7. Nbd2 Bb7 8. O-O
Rc8 9. dxc5 Bxc5 10. a3 O-O 11. b4 Be7 12. Qe2 a5 13. b5 Nb8 14. Rfd1 Nbd7 15.
c4 Qc7 16. Rac1 Qb8 17. cxd5 Rxc1 18. Rxc1 Nxd5 19. Nd4 Nc5 20. Bc2 Rc8 1/2-1/2

[Event "Ceske Budejovice GM-A"]
[Site "Ceske Budejovice CZE"]
[Date "2023.07.08"]
[Round "8.2"]
[White "Bogdanov, Artyom"]
[Black "Gedajlovic, Max"]
[Result "1/2-1/2"]
[WhiteElo "2286"]
[BlackElo "2416"]
[PlyCount "56"]
[EventDate "2023.07.01"]
[EventType "tourn"]
[EventRounds "9"]
[EventCountry "CZE"]
[EventCategory "9"]
[Source "ChessMix "]
[SourceDate "2023.07.10"]

1. e4 e5 2. Nf3 Nc6 3. Bb5 a6 4. Ba4 d6 5. c3 Bd7 6. d4 g6 7. O-O Bg7 8. Re1
Nf6 9. Bc2 O-O 10. Be3 exd4 11. cxd4 Nb4 12. Nc3 Nxc2 13. Qxc2 c6 14. h3 Be6
15. Qd2 Re8 16. Bg5 Qb6 17. Rac1 Rac8 18. b3 d5 19. Bxf6 Bxf6 20. e5 Be7 21.
Na4 Qd8 22. Nc5 Rb8 23. Nh2 a5 24. Ng4 Bxg4 25. hxg4 b6 26. Nd3 Rc8 27. Qe3 Bf8
28. Qf3 Qd7 1/2-1/2

[Event "Ceske Budejovice GM-A"]
[Site "Ceske Budejovice CZE"]
[Date "2023.07.09"]
[Round "9.4"]
[White "Gedajlovic, Max"]
[Black "Reuker, Jari"]
[Result "1-0"]
[WhiteElo "2416"]
[BlackElo "2428"]
[PlyCount "61"]
[EventDate "2023.07.01"]
[EventType "tourn"]
[EventRounds "9"]
[EventCountry "CZE"]
[EventCategory "9"]
[Source "ChessMix "]
[SourceDate "2023.07.10"]

1. d4 Nf6 2. c4 e6 3. Nc3 Bb4 4. e3 O-O 5. Bd3 d5 6. a3 Bxc3+ 7. bxc3 c6 8. Ne2
b6 9. O-O Ba6 10. cxd5 cxd5 11. f3 Qc8 12. e4 Qb7 13. e5 Bxd3 14. Qxd3 Nfd7 15.
f4 Nc6 16. f5 exf5 17. a4 Ne7 18. Ba3 Rfe8 19. g4 fxg4 20. Rxf7 Kxf7 21. Qxh7
Rg8 22. Rf1+ Ke8 23. Qh5+ Kd8 24. Bxe7+ Kc7 25. Bd6+ Kc6 26. c4 Qa6 27. Qf7 Qa5
28. cxd5+ Kb7 29. Qxd7+ Ka6 30. Nc3 Rac8 31. Nb5 1-0

[Event "Titled Tuesday 2023.06.27 Early"]
[Site "chess.com INT"]
[Date "2023.06.27"]
[Round "3"]
[White "Krutko, A."]
[Black "Gedajlovic, Max"]
[Result "0-1"]
[WhiteElo "2397"]
[BlackElo "2436"]
[PlyCount "94"]
[EventDate "2023.06.27"]
[EventType "swiss (blitz)"]
[EventRounds "11"]
[EventCountry "NET"]
[Source "Mark Crowther"]
[SourceDate "2023.07.03"]

1. d4 Nf6 2. c4 e6 3. Nc3 Bb4 4. e3 O-O 5. Bd3 d5 6. cxd5 exd5 7. Nge2 c6 8.
O-O Re8 9. Ng3 Nbd7 10. a3 Bf8 11. b4 a5 12. b5 c5 13. a4 b6 14. Qf3 Bb7 15.
Bb2 Qc7 16. Rac1 Rac8 17. Nf5 g6 18. Ng3 Bg7 19. Rfd1 Qd6 20. Bb1 cxd4 21. exd4
Qb4 22. Ba1 Rc7 23. Na2 Qd6 24. Rxc7 Qxc7 25. Rc1 Qd6 26. Bb2 Ne4 27. Ba3 Qe6
28. Bb2 Nd2 29. Qd1 Nc4 30. Bc3 Qd6 31. h3 h5 32. Nf1 Nf6 33. Nd2 Bh6 34. Nxc4
dxc4 35. Bd2 Bxd2 36. Qxd2 Qd5 37. f3 Rd8 38. Rd1 Qd6 39. Nc3 Nd5 40. Nxd5 Bxd5
41. Be4 Qb4 42. Bxd5 Rxd5 43. Qc2 c3 44. Rd3 Rxd4 45. Rxc3 Qd6 46. Rc8+ Kh7 47.
Re8 Rd1+ 0-1

[Event "Teplice op"]
[Site "Teplice CZE"]
[Date "2023.06.10"]
[Round "1"]
[White "Gedajlovic, Max"]
[Black "Matsumura, Cocoro"]
[Result "1-0"]
[WhiteElo "2436"]
[BlackElo "1989"]
[PlyCount "51"]
[EventDate "2023.06.10"]
[EventType "swiss"]
[EventRounds "9"]
[EventCountry "CZE"]
[Source "ChessMix"]
[SourceDate "2023.06.20"]

1. d4 d5 2. c4 e6 3. Nf3 Nf6 4. Nc3 dxc4 5. e4 Bb4 6. Bxc4 Nxe4 7. O-O Nxc3 8.
bxc3 Be7 9. Bf4 O-O 10. Re1 Nc6 11. Qc2 b6 12. Rad1 Bd6 13. Bg5 Be7 14. Bc1 Na5
15. Bd3 h6 16. Ne5 Bb7 17. Qe2 Bg5 18. f4 Bh4 19. Rf1 Bf6 20. Qh5 Qe8 21. Ng4
Bd8 22. f5 f6 23. Qh3 h5 24. fxe6 Bd5 25. Nh6+ gxh6 26. Qf5 1-0

[Event "Teplice op"]
[Site "Teplice CZE"]
[Date "2023.06.11"]
[Round "2"]
[White "Bouska, Jiri"]
[Black "Gedajlovic, Max"]
[Result "0-1"]
[WhiteElo "2189"]
[BlackElo "2436"]
[PlyCount "66"]
[EventDate "2023.06.10"]
[EventType "swiss"]
[EventRounds "9"]
[EventCountry "CZE"]
[Source "ChessMix"]
[SourceDate "2023.06.20"]

1. e4 e5 2. Nf3 Nc6 3. Bb5 a6 4. Ba4 Nge7 5. Nc3 d6 6. O-O Bd7 7. Re1 Nd4 8.
Bxd7+ Qxd7 9. Nxd4 exd4 10. Nd5 O-O-O 11. b3 Nxd5 12. exd5 Be7 13. Bb2 Bf6 14.
Qf3 Rde8 15. h3 Re5 16. d3 Qf5 17. Qxf5+ Rxf5 18. Re4 Rxd5 19. Rae1 Kd7 20. f4
c5 21. g4 Bd8 22. Kg2 h5 23. R4e2 g5 24. f5 Bf6 25. Bc1 b5 26. Bd2 Re5 27. Rxe5
Bxe5 28. gxh5 Rxh5 29. Rh1 Ke7 30. Rf1 Kf6 31. Rf2 Rh8 32. Bc1 d5 33. Bd2 Bd6
0-1

[Event "Teplice op"]
[Site "Teplice CZE"]
[Date "2023.06.12"]
[Round "3"]
[White "Sargsyan, Shant"]
[Black "Gedajlovic, Max"]
[Result "1-0"]
[WhiteElo "2640"]
[BlackElo "2436"]
[PlyCount "91"]
[EventDate "2023.06.10"]
[EventType "swiss"]
[EventRounds "9"]
[EventCountry "CZE"]
[Source "ChessMix"]
[SourceDate "2023.06.20"]

1. e4 e5 2. Nf3 Nc6 3. Bc4 Bc5 4. d3 Nf6 5. O-O O-O 6. h3 h6 7. Re1 d6 8. c3
Bb6 9. a4 a5 10. Nbd2 Ne7 11. Bb3 c6 12. d4 Ng6 13. Nf1 d5 14. exd5 e4 15. Ne5
cxd5 16. Nxg6 fxg6 17. Bf4 Kh7 18. Ne3 Be6 19. Be5 Nh5 20. Qe2 Qd7 21. Qb5 Qxb5
22. axb5 Rfd8 23. Rf1 Nf6 24. f3 exf3 25. Rxf3 Ne4 26. Bc2 Nd6 27. Raf1 Rd7 28.
Bxd6 Rxd6 29. h4 h5 30. Rg3 Bd7 31. Rf7 Be8 32. Rxb7 Kh6 33. Re7 Bxb5 34. Bxg6
Bxd4 35. cxd4 Rxg6 36. Nf5+ Kh7 37. Rxg7+ Rxg7 38. Rxg7+ Kh8 39. Rg5 Be8 40.
Nd6 Bc6 41. Rxh5+ Kg7 42. Nf5+ Kf6 43. g4 Ba4 44. Rh6+ Kf7 45. g5 Bc2 46. Rf6+
1-0

[Event "Teplice op"]
[Site "Teplice CZE"]
[Date "2023.06.13"]
[Round "4"]
[White "Gedajlovic, Max"]
[Black "Piasetski, Leon"]
[Result "1/2-1/2"]
[WhiteElo "2436"]
[BlackElo "2224"]
[PlyCount "68"]
[EventDate "2023.06.10"]
[EventType "swiss"]
[EventRounds "9"]
[EventCountry "CZE"]
[Source "ChessMix"]
[SourceDate "2023.06.20"]

1. e4 d6 2. d4 Nf6 3. Nc3 c6 4. f4 Qa5 5. Bd3 e5 6. Nf3 Nbd7 7. O-O Be7 8. Kh1
O-O 9. Qe1 Re8 10. g4 exd4 11. Nxd4 Nc5 12. g5 Nxd3 13. cxd3 Nd7 14. Rb1 Bf8
15. Qh4 g6 16. b4 Qd8 17. Bb2 d5 18. e5 Bxb4 19. Nce2 Bf8 20. Ng3 c5 21. Nb5 d4
22. Ne4 b6 23. Nbd6 Bxd6 24. Nxd6 Nf8 25. Rbe1 Ba6 26. Qh3 Re6 27. Kg1 Rxd6 28.
exd6 Bb7 29. Re7 Bc6 30. Rfe1 Qxd6 31. R7e5 Bd7 32. Qf3 Bc6 33. Qg4 Bd7 34. Qf3
Bc6 1/2-1/2

[Event "Teplice op"]
[Site "Teplice CZE"]
[Date "2023.06.14"]
[Round "5"]
[White "Vrana, Frantisek"]
[Black "Gedajlovic, Max"]
[Result "1/2-1/2"]
[WhiteElo "2213"]
[BlackElo "2436"]
[PlyCount "84"]
[EventDate "2023.06.10"]
[EventType "swiss"]
[EventRounds "9"]
[EventCountry "CZE"]
[Source "ChessMix"]
[SourceDate "2023.06.20"]

1. e4 e5 2. Nf3 Nc6 3. Nc3 Nf6 4. Bb5 Nd4 5. Nxd4 exd4 6. e5 dxc3 7. exf6 Qxf6
8. dxc3 c6 9. Bd3 d5 10. O-O Be6 11. Qh5 Be7 12. Be3 Qh4 13. Qxh4 Bxh4 14. f4
O-O 15. Bd4 Rfe8 16. g3 Bd8 17. Rae1 Bb6 18. Bxb6 axb6 19. a3 Bh3 20. Rxe8+
Rxe8 21. Ra1 Kf8 22. Kf2 Be6 23. Re1 g6 24. Re5 Ke7 25. g4 Kd6 26. Re3 Rh8 27.
Be2 Ra8 28. Kg3 Bd7 29. Bd3 Ra4 30. h3 b5 31. Re1 Ra8 32. Re3 Ra4 33. Re1 Ra8
34. Re3 Rh8 35. Be2 Be6 36. Bf3 Bd7 37. Re1 Be6 38. Re3 Rg8 39. Re1 Bd7 40. Re3
Be6 41. Re1 Bd7 42. Re3 Be6 1/2-1/2

[Event "Teplice op"]
[Site "Teplice CZE"]
[Date "2023.06.15"]
[Round "6"]
[White "Gedajlovic, Max"]
[Black "Rabatin, Jakub"]
[Result "1-0"]
[WhiteElo "2436"]
[BlackElo "2266"]
[PlyCount "69"]
[EventDate "2023.06.10"]
[EventType "swiss"]
[EventRounds "9"]
[EventCountry "CZE"]
[Source "ChessMix"]
[SourceDate "2023.06.20"]

1. d4 d5 2. c4 c6 3. cxd5 cxd5 4. Nc3 Nf6 5. Bf4 Nc6 6. e3 a6 7. Bd3 e6 8. Nf3
Bd6 9. Bg5 h6 10. Bh4 Be7 11. O-O O-O 12. Rc1 Ne4 13. Bxe7 Nxc3 14. Rxc3 Qxe7
15. Qb3 Qd6 16. Qb6 Bd7 17. Rfc1 Rab8 18. Rc5 Rfc8 19. Ne5 f6 20. Nxd7 Qxd7 21.
Qb3 Ne7 22. Qb6 Rxc5 23. Rxc5 Rc8 24. h4 Kf7 25. b4 Rc6 26. Qa7 Rxc5 27. dxc5
Nc6 28. Qb6 d4 29. exd4 Nxd4 30. Kh2 f5 31. a4 Kf6 32. Bc4 Qxa4 33. Qd8+ Kg6
34. Qxd4 Qxb4 35. g4 1-0

[Event "Teplice op"]
[Site "Teplice CZE"]
[Date "2023.06.16"]
[Round "7"]
[White "Mikrut, Dariusz"]
[Black "Gedajlovic, Max"]
[Result "1/2-1/2"]
[WhiteElo "2338"]
[BlackElo "2436"]
[PlyCount "41"]
[EventDate "2023.06.10"]
[EventType "swiss"]
[EventRounds "9"]
[EventCountry "CZE"]
[Source "ChessMix"]
[SourceDate "2023.06.20"]

1. d4 Nf6 2. c4 e6 3. Nf3 d5 4. cxd5 exd5 5. Nc3 c6 6. Bg5 Be7 7. Qc2 g6 8. e3
Bf5 9. Bd3 Bxd3 10. Qxd3 Nbd7 11. O-O O-O 12. h3 Re8 13. Bf4 Bf8 14. Qc2 a5 15.
Rfe1 Nb6 16. Rad1 Bd6 17. Bg5 Be7 18. Bf4 Bd6 19. Bg5 Be7 20. Bf4 Bd6 21. Bg5
1/2-1/2

[Event "Teplice op"]
[Site "Teplice CZE"]
[Date "2023.06.17"]
[Round "8"]
[White "Gedajlovic, Max"]
[Black "Mica, Marek"]
[Result "1-0"]
[WhiteElo "2436"]
[BlackElo "2284"]
[PlyCount "95"]
[EventDate "2023.06.10"]
[EventType "swiss"]
[EventRounds "9"]
[EventCountry "CZE"]
[Source "ChessMix"]
[SourceDate "2023.06.20"]

1. d4 Nf6 2. c4 e6 3. Nc3 d5 4. cxd5 exd5 5. Bg5 c6 6. e3 Be6 7. Bd3 Nbd7 8. f4
h6 9. Bh4 g5 10. f5 Bxf5 11. Bxf5 gxh4 12. Nf3 Bd6 13. O-O Qe7 14. Qd3 O-O-O
15. Nxh4 Ng4 16. Bxg4 Qxh4 17. Bh3 Kb8 18. Rxf7 Rhf8 19. Raf1 Rxf7 20. Rxf7 Nf6
21. Qf1 Ne4 22. g3 Qg5 23. Nxe4 dxe4 24. Qf2 c5 25. Rf5 Qe7 26. d5 Rf8 27. Kg2
Kc7 28. Qc2 Rxf5 29. Bxf5 h5 30. Kh3 Qg7 31. b3 h4 32. gxh4 Qg1 33. Qe2 Be5 34.
Bxe4 Kd6 35. h5 b5 36. h6 c4 37. bxc4 bxc4 38. h7 Kc5 39. d6 Kxd6 40. Qd2+ Ke7
41. Qb4+ Kf7 42. Qxc4+ Ke7 43. Qb4+ Kf7 44. Qb7+ Kf8 45. Qa8+ Ke7 46. Qxa7+ Ke6
47. Bd5+ Kxd5 48. e4+ 1-0

[Event "Teplice op"]
[Site "Teplice CZE"]
[Date "2023.06.18"]
[Round "9"]
[White "Freisler, Pavel"]
[Black "Gedajlovic, Max"]
[Result "1/2-1/2"]
[WhiteElo "2279"]
[BlackElo "2436"]
[PlyCount "66"]
[EventDate "2023.06.10"]
[EventType "swiss"]
[EventRounds "9"]
[EventCountry "CZE"]
[Source "ChessMix"]
[SourceDate "2023.06.20"]

1. Nf3 d5 2. d4 Nf6 3. c4 e6 4. g3 Bb4+ 5. Bd2 a5 6. Bxb4 axb4 7. Nbd2 dxc4 8.
Nxc4 Qd5 9. b3 b5 10. Nce5 Qd6 11. Bg2 O-O 12. O-O Bb7 13. Qd3 Ra5 14. Rfc1 Be4
15. Qe3 Nc6 16. Rc5 Bxf3 17. Nxf3 Rd8 18. Rac1 Nxd4 19. Nxd4 Qxd4 20. Qxd4 Rxd4
21. Rxc7 h5 22. Rb7 Rxa2 23. Bf3 e5 24. Rc5 h4 25. Kg2 hxg3 26. hxg3 e4 27. Bh5
Nxh5 28. Rxh5 g6 29. Re5 Rxe2 30. Ree7 e3 31. Rxf7 Rxf2+ 32. Rxf2 exf2 33. Rxb5
Rd3 1/2-1/2

[Event "Munich Pfingst op-A"]
[Site "Munich GER"]
[Date "2023.05.31"]
[Round "1.16"]
[White "Gedajlovic, Max"]
[Black "Kessler, Jan"]
[Result "1-0"]
[WhiteElo "2436"]
[BlackElo "2091"]
[PlyCount "87"]
[EventDate "2023.05.31"]
[EventType "swiss"]
[EventRounds "9"]
[EventCountry "GER"]
[Source "Mark Crowther"]
[SourceDate "2023.06.05"]

1. d4 Nf6 2. c4 e6 3. Nf3 d5 4. Nc3 dxc4 5. e4 Bb4 6. Bxc4 Nxe4 7. O-O Nxc3 8.
bxc3 Be7 9. Bf4 O-O 10. Re1 Nd7 11. Qe2 Nf6 12. Ne5 c5 13. dxc5 Nd5 14. Bg3 Bf6
15. Qf3 Qa5 16. Bxd5 exd5 17. Qxd5 Be6 18. Qxb7 Qxc5 19. Rac1 Rad8 20. Qb4 Qxb4
21. cxb4 Bxa2 22. Nc6 Rd7 23. Be5 Bxe5 24. Rxe5 Be6 25. Ra1 Rc8 26. b5 a6 27.
f4 axb5 28. f5 Rdc7 29. fxe6 Rxc6 30. e7 Re6 31. Rd1 Rxe7 32. Rxe7 g6 33. Rb7
Kg7 34. Rf1 Rf8 35. Rxb5 h6 36. Rb7 Kg8 37. g3 Kg7 38. Kg2 Kg8 39. h4 Kg7 40.
Kh3 Kg8 41. h5 g5 42. Rf6 Kg7 43. Rg6+ Kh7 44. Kg4 1-0